Les meilleurs jeux de Rockstar Games - Statistiques

Statistiques générales
  • Ce quiz a été pris 182 fois
  • Le résultat moyen est 5 sur 11
Statistiques - réponses
Date de sortie Jeu Note % Correct
2010 Red Dead Redemption 8.2
99%
2013 Grand Theft Auto V 8
63%
2018 Red Dead Redemption II 8.4
59%
2004 Grand Theft Auto: San Andreas 8
54%
2008 Grand Theft Auto IV 7.4
53%
2002 Grand Theft Auto: Vice City 7.8
52%
2001 Grand Theft Auto III 7.4
51%
2001 Max Payne 7,8
22%
2003 Max Payne 2 7,7
14%
2006 Canis Canem Edit 7.6
10%
2005 The Warriors 7.5
5%
Aucun quiz correspondant
Distribution des résultats
% des personnes avec chaque résultat
Percentile par nombre de réponses
Votre historique - résultats
Vous n’avez pas pris ce quiz